| 000 | 00347nam a2200145Ia 4500 | ||
|---|---|---|---|
| 008 | 150201s1998 xx 000 0 und d | ||
| 082 |
_a610 _bR1998B |
||
| 100 | _aBROOKE-PRITT | ||
| 245 | _aREHABILITATION OF MOVEMENT | ||
| 250 | _a1ST | ||
| 260 |
_bSAUNDERS _aPHILADELPHIA _c1998 |
||
| 300 | _a1-597 | ||
| 650 | _aPHYSIOTHERAPY | ||
| 942 |
_2ddc _cBK |
||
| 999 |
_c3970 _d3970 |
||